| 000 | 00838nam a2200205 i 4500 | ||
|---|---|---|---|
| 001 | 73138 | ||
| 003 | ES-MaACL | ||
| 005 | 20240116184027.0 | ||
| 007 | t| | ||
| 008 | 040907s1913 sp ||||1| spa d | ||
| 100 | 1 |
_aGómez Centurión, José. _957868 |
|
| 245 | 1 | 0 |
_aJovellanos y los Colegios de las órdenes militares en la Universidad de Salamanca _b: colección de documentos en su casi totalidad inéditos con notas y comentarios insertos en el Boletín de la Real Academia de la Historia / _cpor José Gómez Centurión. |
| 260 |
_aMadrid : _bFortanet, _c1913. |
||
| 300 |
_aX, 389 p. ; _c25 cm. |
||
| 600 | 1 | 0 |
_aJovellanos, Gaspar Melchor de, _d1744-1811 _9222580 |
| 610 | 0 | 4 |
_aUniversidad de Salamanca. _97275 |
| 650 | 0 | 4 |
_aOrdenes militares- _zEspaña. _915746 |
| 852 |
_aES-MaACL _jF-10411 |
||
| 999 |
_c73138 _d73138 |
||